000 00488nam a2200157Ia 4500
999 _c21572
_d21572
003 OSt
005 20200611095834.0
008 190216s9999||||xx |||||||||||||| ||und||
040 _coclc
082 _a200.954
_bLOR/R
100 _aLorenzen, David N
_92766
245 0 _aReligious Movements In South Asia 600-1800 /
_cDavid N Lorenzen
260 _bOxford University Press,
_c2011.
_aNew Delhi:
300 _a380p
942 _cBK
_2ddc
_h200.954
_iLOR/R
_k200.954
_mLOR/R